Corollas philologicas in honorem Iosephi Guillen Cabañero adendas curavit Josephus Oroz Reta

Saved in:
Bibliografiske detaljer
Format: Bog
Sprog:spansk
Udgivet: Salamanca Universidad Pontificia de Salamanca 1983
Serier:Bibliotheca Salmanticensis. Estudios, 61
Fag:
Tags: Tilføj Tag
Ingen Tags, Vær først til at tagge denne postø!

MARC

LEADER 00000nam a2200000 a 4500
001 UCX5095
003 CL-VaPUC
008 920910e19830000SP |||||||||||||||||spa|d
082 0 4 |a 870  |b COR  |2 21 
245 1 0 |a Corollas philologicas in honorem Iosephi Guillen Cabañero adendas curavit Josephus Oroz Reta 
300 |a 634 p 
942 |c BK 
945 |d 19920910 00:00:00 
260 |a Salamanca  |b Universidad Pontificia de Salamanca  |c 1983 
600 0 7 |a GUILLEN CABAÑERO, JOSE  |2 CL-VaPUC  |9 321421 
650 0 |a Literatura latina   |9 258055 
583 |a last modification  |c 19920910 00:00:00  |k Rodrigo Vera 
490 0 |a Bibliotheca Salmanticensis. Estudios, 61 
999 |c 225437  |d 225435 
952 |0 0  |1 0  |4 0  |6 870_000000000000000_COR_1983  |7 0  |8 P  |9 222940  |a BIBEDU  |b BIBEDU  |c BIBEDU_PB  |d 2019-11-15  |i 2917521  |o 870 COR 1983  |p 2917521  |r 2024-01-25  |w 2019-11-15  |y BK  |k FIL